| 000 | 00799nam a2200253Ia 4500 | ||
|---|---|---|---|
| 003 | OSt | ||
| 005 | 20220927110914.0 | ||
| 006 | a|||||r|||| 00| 0 | ||
| 007 | ta | ||
| 008 | 220926b |||||||| |||| 00| 0 eng d | ||
| 024 | _a98783 | ||
| 037 | _cReports | ||
| 040 |
_aRTL _cRTL _beng |
||
| 041 |
_2eng _aeng |
||
| 082 | _a"X9(J3)p791,N56, J7/UN" | ||
| 110 |
_aRegional Conference for Latin America (4th) (Santiago) (1956) _9380903 |
||
| 245 | 0 | _aReport of the Fourth Conference for latin America | |
| 260 |
_aRome _bFood and Agriculture Organization _c1957 |
||
| 300 |
_a89p. _ccm. |
||
| 650 | _aFood Industry | ||
| 700 |
_aRegional Conference for Latin America (4th) (Santiago) (1956) _9380904 |
||
| 942 |
_h"X9(J3)p791,N56, J7/UN" _cCC |
||
| 999 |
_c698344 _d698344 |
||